Statistics for Skillet - Hero (All Lyrics)

Click here to take the quiz!

General Stats

  • This quiz has been taken 54 times
  • The average score is 362 of 415

Answer Stats

% Correct
A
100%
I
100%
Away
98%
Hero
98%
I’m
98%
Just
98%
Need
98%
Step
98%
My
95%
To
95%
In
93%
Life
93%
Me
93%
Save
93%
Today
93%
Not
91%
Time
91%
Day
88%
Man
88%
Now
88%
War
88%
We
88%
Another
86%
Be
86%
The
86%
Fight
84%
It
84%
Live
84%
Superhuman
84%
Breath
81%
Faith
81%
Falling
81%
Gonna
81%
It’s
81%
Will
81%
Am
79%
And
79%
Edge
79%
Family
79%
For
79%
From
79%
Mind
79%
Of
79%
World
79%
Destroy
77%
Die
77%
Got
77%
Losing
77%
Make
77%
Our
77%
Help
74%
His
74%
Ready
74%
Right
74%
Speaking
74%
Who’s
74%
Afraid
72%
Believe
72%
Countdown
72%
Give
72%
I’ve
72%
Kill
72%
Off
72%
Someone
72%
Voice
72%
We’re
72%
Begins
70%
But
70%
Hero’s
70%
Stand
70%
Survive
70%
Weak
70%
Heard
67%
Lives
67%
Them
67%
Us
67%
What’s
67%
Gotta
65%
Kills
65%
Living
65%
Hate
63%
If
63%
Ourselves
63%
Tonight
63%
Torn
63%

Score Distribution

Percentile by Number Answered

Percent of People with Each Score

Your Score History

You have not taken this quiz